000 00634nam a2200217Ii 4500
003 JO-AjNU
008 230606s9999||||xx |||||||||||||| ||und||
020 _a0-007-127422-7
040 _aJO-AjNU
_beng
_erda
_cJO-AjNU
041 _aeng
050 1 4 _aHF5657..4.G37 2008
100 3 _aGarrison,Ray H., Eric W. Noreen, Peter C. Brewer,
_eauthor
_96829
245 0 0 _aManagerial Accounting
250 _a12th ed
264 3 1 _aBosten: McGraw-Hill, 2008
300 _a792p
336 _atext
_btxt
_2rdacontent
337 _aunmediated
_bn
_2rdamedia
338 _avolume
_bnc
_2rdacarrier
650 4 _aManagerial Accounting
_96830
999 _aE3560
_c3539
_d3539